Castigo divino

Guardat en:
Dades bibliogràfiques
Autor principal: Ramírez Mercado, Sergio 1942-
Format: Document de govern Llibre
Idioma:Spanish
Publicat: Buenos Aires, Argentina Sudamericana, Mondadori 1988
Edició:2. edición
Matèries:
Etiquetes: Afegir etiqueta
Sense etiquetes, Sigues el primer a etiquetar aquest registre!

MARC

LEADER 00000nam a22000007a 4500
007 ta
008 131122b1988 ar |||g |||| 000 f spa d
020 |a 9500705265 
040 |a cru CIICLA Universidad de Costa Rica 
086 |a N863.4 R173c2 
100 1 |a Ramírez Mercado, Sergio  |d 1942-  |9 44 
245 |a Castigo divino  |c Sergio Ramírez 
250 |a 2. edición 
260 |a Buenos Aires, Argentina  |b Sudamericana, Mondadori  |c 1988 
300 |a 456 páginas 
650 1 7 |a LITERATURA NICARAGUENSE  |x NOVELA 
942 |2 ddc  |c BK 
999 |c 3161  |d 3161